000 00502nam a2200181Ia 4500
001 1326
005 20260306143720.0
008 260306t2000||||xx |||||||||||||| ||spa||
041 _aESP
082 _a194
_bD61
100 _aDescartes
_eAUT
245 0 _aDiscurso del método:
_bmeditaciones metafísicas - Reglas para la dirección del espíritu - Principios de la filosofía
260 _c2000
300 _a166 páginas :
_c21 cm.
650 _aGEN
654 _aCHU
942 _cLIB
_dJUS
_fJUS
_2ddc
_n
999 _c1326
_d1326